000 00357nam a2200145Ia 4500
008 230718s9999 xx 000 0 und d
041 _aEng.
082 _a342.06
_bALL-C
100 _aAllen Micheal J.
245 0 _aConstitinal and Administrative Law
260 _aPakistan
_bMomzora Law Book House
_c1995
300 _a668
650 _aLaw
999 _c29809
_d29809